| 000 | 01252nam a2200325 a 4500 | ||
|---|---|---|---|
| 001 | vtls000195516 | ||
| 003 | NLI | ||
| 005 | 20210602113026.0 | ||
| 008 | 101125s1968 enka 001 0 eng | ||
| 020 | _cPND 3.25 | ||
| 039 | 9 |
_y201011252319 _zVLOAD |
|
| 040 | 0 |
_aNLI _beng _cDatasoft 1 _eAACR2 |
|
| 041 | 0 | _aeng | |
| 044 | _aenk | ||
| 082 | 0 | 4 | _a338.0942 |
| 245 | 0 | 4 |
_aThe development of British industry and foreign competition, 1875-1914 : _bstudies in industrial enterprise / _cedited by Derek H. Aldcroft |
| 260 |
_aLondon : _bAllen & Unwin, _c1968 |
||
| 300 |
_a3-384 p. : _bill. ; _c23 cm. |
||
| 440 | 0 |
_aUniversity of Glasgow social and economic studies ; _vnew ser. ; _v12 _9176342 |
|
| 504 | _aIncludes bibliographical references and index | ||
| 650 | 0 |
_aIndustries _zGreat Britain _xHistory _y19th century _9322262 |
|
| 650 | 0 |
_aIndustries _zGreat Britain _xHistory _y20th century _9364434 |
|
| 700 | 1 |
_aAldcroft, Derek H. _q(Derek Howard), _4edt _9217776 |
|
| 887 | _a | ||
| 901 |
_a404138 _b14.02.1972 |
||
| 902 | _aE 338.0942 Al 21 | ||
| 942 |
_2ddc _cBKS |
||
| 949 |
_AVIRTUAITEM _D10000 _X100 _6PUR000404138ENG |
||
| 999 |
_aVIRTUA40 _c200023 _d200023 |
||
| 999 | _aVTLSSORT0080*0200*0400*0410*0440*0820*2450*2600*3000*4400*5040*6500*6501*7000*9010*9020*9490*9991 | ||